Thiết lập định lý điểm bất động với điều kiện co tuần hoàn suy rộng trong không gian Meetric suy rộng Báo cáo tổng kết đề tài nghiên cứu khoa học của Sinh viên. Mã số CS2014.02.50

Enregistré dans:
Détails bibliographiques
Auteur principal: Bùi, Thị Ngọc Hân (Chủ nhiệm đề tài)
Format: Thèse Livre
Publié: Đồng Tháp Trường Đại học Đồng Tháp 2015
Sujets:
Tags: Ajouter un tag
Pas de tags, Soyez le premier à ajouter un tag!
Thư viện lưu trữ: Trung tâm Học liệu Lê Vũ Hùng, Trường Đại học Đồng Tháp
LEADER 01303pam a22003258a 4500
001 00036198
005 20171026081025.0
008 170217s2015 ||||||Viesd
041 0 # |a Vie 
082 1 4 |b TH308L  |a 515 
100 1 # |a Bùi, Thị Ngọc Hân  |e Chủ nhiệm đề tài 
245 1 0 |b Báo cáo tổng kết đề tài nghiên cứu khoa học của Sinh viên. Mã số CS2014.02.50  |c Bùi Thị Ngọc Hân (chủ nhiệm đề tài)  |a Thiết lập định lý điểm bất động với điều kiện co tuần hoàn suy rộng trong không gian Meetric suy rộng 
260 # # |b Trường Đại học Đồng Tháp  |c 2015  |a Đồng Tháp 
300 # # |a 33tr. +phụ lục  |c 30 cm.  |e 1 bản tóm tắt 
500 # # |a ĐTTS ghi: Bộ Giáo dục và Đào tạo. Trường Đại học Đồng Tháp 
653 # # |a Không gian 
653 # # |a Định lí 
653 # # |a Toán học 
653 # # |a Nghiên cứu khoa học 
653 # # |a Mê tríc 
852 # # |j KH.0000069 
852 # # |b Kho đọc  |j KH.0000069 
910 # # |d 17/02/2017 
980 # # |a Trung tâm Học liệu Lê Vũ Hùng, Trường Đại học Đồng Tháp